02693nam a2200277Ia 450000500170000000800410001704000460005804100080010424500490011224600380016126000700019930000230026950011570029250803710144951102260182054600500204665000350209665000200213165000260215165000560217770000170223371000250225071000300227576500200230585600900232520150325140247.0130821s xx a gs spa  aCo-BoUCMbspacAldrin Díaz (modificó)00aspa13aEl ilusionista nada es lo que parecec[DVD] a[s.l.]bYari Film Group Realising a[Lugar desconocido]b[Editorial desconocida]c[fecha desconocida] a1 DVDbson., color aSINOPSIS : Cuando Eisenheim (Edward Norton) comienza a actuar con su asombroso espectáculo de ilusionista en Viena, pronto corre la voz sobre sus poderes sobrenaturales llegando a oídos de uno de los hombres más poderosos y pragmáticos de Europa, el príncipe heredero Leopold (Rufus Sewell). Convencido de que el mago no es más que un experto impostor, Leopold asiste a uno de los espectáculos de Eisenheim. Pero cuando la bella prometida del príncipe, Sophie von Teschen (Jessica Biel), aparece, Eisenheim y Sophie se reconocen de la infancia y un amor latente revive. Con Eisenheim y Leopold luchando por el afecto de Sophie, pronto se hará evidente que ambos están dispuestos a no poner límites para reivindicar y mantener su amor. La relación clandestina continúa y el inspector de policía Uhl (Paul Giamatti) tiene como misión, por órdenes de Leopold, desenmascarar a Eisenheim, por lo que intensifica sus esfuerzos a pesar de que el mago sigue cosechando grandes éxitos entre su público. Mientras que Uhl insiste tenazmente en descubrir los trucos de este hombre, Eisenheim prepara su número más ambicioso. aCREDITOS : Dirección, Neil Burger; Guión, Neil Burger; basado en el relato corto "Eisenheim, The illusionist" de Steven Millhauser; Producción, Michael London, Brian Koppelman, David Levien, Bob Yari y Cathy Schulman; Música, Philip Glass; Fotografía, Dick Pope; Montaje, Naomi Geraghty; Diseño de producción, Ondrej Nekvasil; Vestuario, Ngila Dickson. aEdward Norton (Eisenheim), Paul Giamatti (inspector Uhl), Jessica Biel (Sophie von Teschen), Rufus Sewell (príncipe Leopold), Eddie Marsan (Josef Fischer), Jake Wood (Jurka), Tom Fisher (Wiligut), Karl Johnson (doctor). aAudio en Inglés. Subtítulos en Español.04aAlucinaciones e ilusionesvDVD04aEntretenimiento04aMagia en el cinevDVD04aPelículas cinematográficaszEstados UnidosvDVD1 aBurger, Neil2 aBob Yari Productions2 aYari Film Group Realising tThe illusionist04uhttps://www.youtube.com/watch?v=bQZANgcq7hozSiga este vínculo para ver el trailer.